Normal view
MARC view
Entry Personal Name
001 - CONTROL NUMBER
- control field: 80515
003 - CONTROL NUMBER IDENTIFIER
- control field: dpl
005 - DATE AND TIME OF LATEST TRANSACTION
- control field: 20250409141152.0
008 - FIXED-LENGTH DATA ELEMENTS
- fixed length control field: 250409|| aca||aabn | a|a d
040 ## - CATALOGING SOURCE
- Original cataloging agency: dpl
- Transcribing agency: dpl
100 ## - HEADING--PERSONAL NAME
- Personal name: Chahal,Paraminder Pal Kaur
670 ## - SOURCE DATA FOUND
- Source citation: Work cat.: (dpl)210927: Chahal,Raminder Pal Singh 80514, Nutrition for General and Dental Health/, 2015
